Sistemas de comunicaciones por fibras opticas

Đã lưu trong:
Chi tiết về thư mục
Tác giả chính: Jardon Aguilar,Hildeberto
Tác giả khác: Linares y Miranda, Roberto
Định dạng: Sách
Ngôn ngữ:Spanish
Được phát hành: México : Alfaomega : Instituto Mexicano de Comunicaciones, 1995
Những chủ đề:
Các nhãn: Thêm thẻ
Không có thẻ, Là người đầu tiên thẻ bản ghi này!

MARC

LEADER 00000nam a2200000Ia 4500
003 L000757
005 20221231144010.0
008 140114s1995 mx a 000 ||spa d
040 |c cru CEDI 
082 |a 621.369.2 J37s 
100 |a Jardon Aguilar,Hildeberto  |9 19384 
245 |a Sistemas de comunicaciones por fibras opticas 
260 |a México : Alfaomega : Instituto Mexicano de Comunicaciones,  |c 1995 
300 |a 261 páginas; ilustraciones  
650 |x COMUNICACIONES OPTICAS  |x FIBRAS OPTICAS  |x SISTEMAS DE TELECOMUNICACION -- DISEÑO Y CONSTRUCCION  |9 19388 
700 |9 19387  |a Linares y Miranda, Roberto 
942 |2 ddc  |c BK 
999 |c 15396  |d 15396